| 000 | 00799nam a2200133Ia 4500 | ||
|---|---|---|---|
| 008 | 100328s9999 xx 000 0 und d | ||
| 082 | _b59256 | ||
| 100 | _aभावे राम. | ||
| 245 | _aतलाठी पाहिजे (स्त्री पात्र विरहित विनोदी ग्रामीण ढंगदार एकांकिका). | ||
| 260 | _bआभा. | ||
| 630 | _aतलाठी पाहिजे (स्त्री पात्र विरहित विनोदी ग्रामीण ढंगदार एकांकिका). | ||
| 730 | _aतलाठी पाहिजे (स्त्री पात्र विरहित विनोदी ग्रामीण ढंगदार एकांकिका). | ||
| 942 | _cBOOK | ||
| 999 |
_c545501 _d545498 |
||